Statistics for Footballers by Picture - Morocco

Click here to take the quiz!

General Stats

  • This quiz has been taken 45 times
  • The average score is 10 of 20

Answer Stats

Answer% Correct
Achraf Hakimi
100%
Hakim Ziyech
90%
Sofyan Amrabat
85%
Yassine Bounou
85%
Nordin Amrabat
78%
Noussair Mazraoui
66%
Romain Saïss
63%
Sofiane Boufal
63%
Medhi Benatia
61%
Youssef En-Nesyri
54%
Nayef Aguerd
49%
Marouane Chamakh
34%
Younès Belhanda
32%
Adel Taarabt
24%
Mustapha Hadji
24%
Noureddine Naybet
22%
Adam Masina
17%
Youssef El-Arabi
15%
Salaheddine Bassir
10%
Youssef Safri
5%

Score Distribution

Percentile by Number Answered

Percent of People with Each Score

Your Score History

You have not taken this quiz